000 00737nam a2200205 i 4500
001 186353
003 SpMaBN
005 20250824063059.0
008 161027s1942 ag |||| | spa d
080 _a946"18/19"
100 1 _aAunós Pérez, Eduardo,
_d1894-1967
_923920
245 1 0 _aEspaña en crisis (1874-1936) /
_cEduardo Aunós.
260 _aBuenos Aires :
_bLibrería del Colegio,
_c[1942]
300 _a442 p. ;
_c21 cm.
651 7 _aEspaña-
_xHistoria-
_y1874-1902, Restauración.
_98267
651 4 _aEspaña-
_xHistoria-
_y1902-1931, Alfonso XIII
_98276
651 7 _aEspaña-
_xHistoria-
_y1931-1939, II República.
_98283
852 _aES-MaACL
_jL-30714
_z. - Donat. Miguel A. Velasco
999 _c186353
_d186353